[Event "BL2-Sued 0506"]
[Site "Germany"]
[Date "2005.12.11"]
[Round "4.2"]
[White "Lazarev, Vladimir"]
[Black "Vujic, Branimir"]
[Result "1/2-1/2"]
[WhiteElo "2513"]
[BlackElo "2357"]
[PlyCount "125"]
[EventDate "2005.10.23"]
[EventType "team-tourn"]
[EventRounds "9"]
[EventCountry "GER"]
[SourceTitle "EXT 2007"]
[Source "ChessBase"]
[SourceDate "2006.11.23"]
[SourceVersion "1"]
[SourceVersionDate "2006.11.23"]
[SourceQuality "1"]
[WhiteTeam "Viernheim"]
[BlackTeam "Stuttgart"]
[WhiteTeamCountry "GER"]
[BlackTeamCountry "GER"]

1. d4 d5 2. c4 e6 3. Nc3 Nf6 4. cxd5 exd5 5. Bg5 Be7 6. e3 0-0 7. Bd3 c6 8. Qc2 h6 9. Bh4 Re8 10. Nge2 a5 11. 0-0 Na6 12. a3 Nc7 13. f3 c5 14. b3 Bd7 15. a4 Rc8 16. Kh1 Ne6 17. dxc5 Rxc5 18. Rad1 Qc7 19. Qd2 Rc8 20. Bb5 g5 21. Bxd7 Qxd7 22. Bf2 Qc6 23. Nb5 Rc2 24. Qd3 Qa6 25. Ng3 Rb2 26. Nf5 Bf8 27. Bg3 Rcc2 28. Nfd6 Ra2 29. Ra1 Rab2 30. Be5 Ra2 31. Rac1 Rxc1 32. Rxc1 Nd7 33. Qxd5 Nxe5 34. Qxe5 Bxd6 35. Nxd6 Qe2 36. Rc8+ Nf8 37. Rxf8+ Kxf8 38. Qe8+ Kg7 39. Qxf7+ Kh8 40. Qf6+ Kg8 41. Qe6+ Kh7 42. Qd7+ Kg8 43. Qc8+ Kh7 44. Qxb7+ Kg8 45. Qc8+ Kh7 46. Qf5+ Kh8 47. Qf6+ Kh7 48. Qe7+ Kg8 49. Qe8+ Kh7 50. Qd7+ Kg8 51. Qe6+ Kh7 52. Qe4+ Kh8 53. Qa8+ Kh7 54. Qb7+ Kg8 55. Qd5+ Kh7 56. Qf7+ Kh8 57. Qe8+ Kh7 58. Qd7+ Kg8 59. Qe6+ Kh7 60. Qf5+ Kh8 61. Qf6+ Kh7 62. Qe7+ Kg8 63. Qf7+ 1/2-1/2

[Event "BL2-Sued 0506"]
[Site "Germany"]
[Date "2005.11.27"]
[Round "3.3"]
[White "Gasthofer, Alexander"]
[Black "Vujic, Branimir"]
[Result "1/2-1/2"]
[WhiteElo "2418"]
[BlackElo "2357"]
[PlyCount "27"]
[EventDate "2005.10.23"]
[EventType "team-tourn"]
[EventRounds "9"]
[EventCountry "GER"]
[SourceTitle "EXT 2007"]
[Source "ChessBase"]
[SourceDate "2006.11.23"]
[SourceVersion "1"]
[SourceVersionDate "2006.11.23"]
[SourceQuality "1"]
[WhiteTeam "Bad Mergentheim"]
[BlackTeam "Stuttgart"]
[WhiteTeamCountry "GER"]
[BlackTeamCountry "GER"]

1. Nf3 d5 2. g3 Nf6 3. Bg2 e6 4. 0-0 Be7 5. d4 0-0 6. c4 dxc4 7. Qc2 a6 8. a4 b6 9. Qxc4 Bb7 10. Bf4 c5 11. Nc3 Nc6 12. Rfd1 Na5 13. Qd3 Qc8 14. Qc2 1/2-1/2

[Event "Bundesliga 0405"]
[Site "Germany"]
[Date "2005.03.12"]
[Round "12.5"]
[White "Reeh, Oliver"]
[Black "Vujic, Branimir"]
[Result "1-0"]
[WhiteElo "2464"]
[BlackElo "2360"]
[PlyCount "131"]
[EventDate "2004.11.12"]
[EventType "team-tourn"]
[EventRounds "15"]
[EventCountry "GER"]
[SourceTitle "CBM 106"]
[Source "ChessBase"]
[SourceDate "2005.06.06"]
[SourceVersion "1"]
[SourceVersionDate "2005.06.06"]
[SourceQuality "1"]
[WhiteTeam "Hamburger SK"]
[BlackTeam "Stuttgart"]
[WhiteTeamCountry "GER"]
[BlackTeamCountry "GER"]

1. e4 d5 2. exd5 Nf6 3. Nf3 Nxd5 4. d4 g6 5. Be2 Bg7 6. 0-0 0-0 7. h3 Nc6 8. Re1 Nb6 9. c3 e5 10. dxe5 Nxe5 11. Nxe5 Bxe5 12. Qxd8 Rxd8 13. Bf3 f6 14. Nd2 Rb8 15. a4 Be6 16. a5 Nd7 17. Ne4 Bc4 18. Be3 b6 19. axb6 axb6 20. Ra7 Kg7 21. Bd4 Rbc8 22. Nd2 Bf7 23. Bb7 Rb8 24. Bc6 Rbc8 25. Bxd7 Rxd7 26. Bxe5 fxe5 27. Nf3 Re7 28. Rxe5 Kf6 29. Rxe7 Kxe7 30. Nd4 Kd6 31. f3 Bc4 32. Kf2 Re8 33. b3 Be6 34. Nb5+ Kc6 35. Nd4+ Kd6 36. Nxe6 Rxe6 37. Ra4 Re8 38. h4 b5 39. Rd4+ Kc6 40. g4 Ra8 41. b4 Kb6 42. f4 Ra2+ 43. Kg3 c5 44. Rd6+ Kc7 45. Rd5 cxb4 46. cxb4 Ra3+ 47. Kf2 Kc6 48. Rc5+ Kb6 49. Re5 Kc6 50. Rc5+ Kb6 51. Rd5 Rh3 52. h5 Kc6 53. Rc5+ Kb6 54. hxg6 hxg6 55. Re5 Rb3 56. Re6+ Kc7 57. Rxg6 Rxb4 58. f5 Rf4+ 59. Kg3 Rf1 60. Re6 b4 61. Re4 Rb1 62. Kf4 Kd6 63. Kg5 b3 64. f6 Ra1 65. Rb4 Ra8 66. Rxb3 1-0

[Event "Bundesliga 0405"]
[Site "Germany"]
[Date "2005.01.30"]
[Round "9.4"]
[White "Vujic, Branimir"]
[Black "Babula, Vlastimil"]
[Result "1/2-1/2"]
[WhiteElo "2360"]
[BlackElo "2571"]
[PlyCount "118"]
[EventDate "2004.11.12"]
[EventType "team-tourn"]
[EventRounds "15"]
[EventCountry "GER"]
[SourceTitle "CBM 106"]
[Source "ChessBase"]
[SourceDate "2005.06.06"]
[SourceVersion "1"]
[SourceVersionDate "2005.06.06"]
[SourceQuality "1"]
[WhiteTeam "Stuttgart"]
[BlackTeam "Werder Bremen"]
[WhiteTeamCountry "GER"]
[BlackTeamCountry "GER"]

1. d4 Nf6 2. Nf3 e6 3. Bf4 c5 4. e3 Qb6 5. Qc1 Nc6 6. c3 Nh5 7. Bg3 d5 8. Nbd2 Bd7 9. Be2 Rc8 10. Qb1 g6 11. Ne5 Nxg3 12. Nxd7 Kxd7 13. hxg3 Kc7 14. a3 e5 15. dxe5 Nxe5 16. Nf3 Bg7 17. Nxe5 Bxe5 18. 0-0 Kb8 19. a4 a6 20. a5 Qe6 21. Bf3 Rhd8 22. Ra3 f5 23. b4 c4 24. Rc1 Rd7 25. Ra2 Kc7 26. Rb2 Kd8 27. b5 Rc5 28. bxa6 Qxa6 29. g4 fxg4 30. Bxg4 Rdc7 31. e4 Qxa5 32. exd5 Rxd5 33. Rxb7 Ke7 34. Rxc7+ Qxc7 35. Qe4 Qc5 36. Re1 Kf6 37. Qf3+ Kg7 38. Be6 Rd3 39. Qb7+ Kh6 40. Bg8 Qc7 41. Qe4 Bf6 42. Rb1 Qe5 43. Qb7 Bg7 44. g3 Rxc3 45. Kg2 Rxg3+ 46. fxg3 Qe2+ 47. Kh1 Qh5+ 48. Kg1 Bd4+ 49. Kf1 Qh3+ 50. Ke2 Qh2+ 51. Kf3 Qh5+ 52. g4 Qh3+ 53. Ke4 Qd3+ 54. Kd5 Bb2+ 55. Kc5 Qxb1 56. Qxh7+ Kg5 57. Qe7+ Kf4 58. Qd6+ Kxg4 59. Qe6+ Qf5+ 1/2-1/2